| 000 | 00644nam a2200205 i 4500 | ||
|---|---|---|---|
| 001 | 115174 | ||
| 003 | ES-MaACL | ||
| 005 | 20250918175734.0 | ||
| 007 | t| | ||
| 008 | 070223s1908 sp ||||1| spa d | ||
| 100 | 1 |
_aDelgado, Sinesio, _d1859-1928 _943434 |
|
| 245 | 1 | 0 |
_aEspĂritu puro : _bnovela / _cde Sinesio Delgado ; ilustraciones de A. Lozano. |
| 260 |
_aMadrid : _bEl Cuento Semanal, _c1908. |
||
| 300 |
_a10 p. : _bil. ; _c26 cm. |
||
| 490 | 1 |
_aEl cuento semanal ; _v58 |
|
| 700 | 1 |
_aLozano Sidro, Adolfo, _d1872-1935 _974469 |
|
| 830 | 1 | 3 |
_aEl cuento semanal _v58 _9185957 |
| 852 | 4 |
_aES-MaACL _jG-4441(6) |
|
| 999 |
_c115174 _d115174 |
||